| 000 | nam a22 a 4500 | ||
|---|---|---|---|
| 999 |
_c689 _d689 |
||
| 005 | 20170504153116.0 | ||
| 008 | 170504b1984 -us||||| |||| 00| 0 eng d | ||
| 020 |
_a0135399734 : _c£21.80 |
||
| 040 | _aAKMAL | ||
| 082 | 0 | 4 | _a160 WRI |
| 090 |
_a160 _bWRI |
||
| 100 | 1 | 0 |
_aWright, Richard A. _91476 |
| 245 | 1 | 0 |
_aLogical thinking : _ban integrated introduction / _cRichard A. Wright, Ken Tohinaka. |
| 260 | _aEnglewood Cliffs ; | ||
| 260 |
_aLondon : _bPrentice-Hall, _cc1984. |
||
| 300 |
_axiv,322p. ; _c25cm |
||
| 500 | _aIncludes index. | ||
| 599 | _aDALAM PROSES | ||
| 650 | 0 |
_aLogic. _91477 |
|
| 700 | 1 |
_aTohinaka, Ken. _91478 |
|
| 852 | 4 | 1 |
_a British Library _bDSC |
| 852 | 4 | 1 |
_a British Library _bHMNTS |
| 942 |
_2ddc _cBOOK |
||